Contemporary Legal and Economic Issues

Detalles Bibliográficos
Formato: Revista
Lenguaje:inglés
Publicado: Osijek : J.J. Strossmayer University of Osijek, 2009-
Materias:
Acceso en línea:http://www.vlex.com/source/7175

MARC

LEADER 00000nas a22000007a 4500
005 20130315125850.0
007 cr|||| ||||
008 130315c20099999ci u|p s|||| 0|||a1eng d
022 |a 18476171  
035 |a 7175 
040 |a vLex 
090 |c 3934  |d 3934 
245 0 0 |a Contemporary Legal and Economic Issues  |h [Recurso electrn̤ico]  
256 |a Servicio en ln̕ea 
260 |a Osijek :  |b J.J. Strossmayer University of Osijek,   |c 2009- 
300 |a 1 Recurso electrn̤ico 
506 |d vLex Global  |d vLex Global (Academic Edition, excluding Law Schools)  |d vLex Global (U.S. Academic Edition, Law Schools)  |d vLex Global (U.S. Academic Edition, excluding Law Schools)  |d vLex Global (Academic Edition, Law Schools) 
650 0 4 |a Derecho tributario  |v Revistas 
650 0 4 |a Derecho mercantil  |v Revistas 
650 0 4 |a Admisnistracin̤ (Management)  |v Revistas 
740 |a vLex Revistas (Servicio en ln̕ea) 
856 |a Acceso restringido  |u http://www.vlex.com/source/7175 
942 |c REV 
999 0 |b Taxation